00602nam a2200205Ia 4500003000400000005001700004008004100021020001900062040000700081041000800088082001500096100002300111245002400134260004500158300000900203650002200212942001300234999001900247952013000266OSt20251014155356.0250729s2005 xx 000 0 und d a978-8171693085 cAL aeng a371.9 SHAW aSharma B M9222977 aWomen and education aNew DelhibCommonwealth Publishersc2005 a336p aEducation9222978 2ddccBED c235693d235693 00104070aALbALd2025-07-29eSita Book Houseg180.00l0o371.9 SHAWpBED01012r2025-07-29 16:54:13v180.00w2025-07-29yBK